Where is it? - Level 3 - easy - Statistics

General Stats
  • This quiz has been taken 34 times
  • The average score is 17 of 25
Answer Stats
Hint Answer % Correct
Acropolis Athens
97%
Forbidden City Beijing
94%
Colosseum Rome
94%
Liberty Bell Philadelphia
91%
Pompidou Centre Paris
88%
Ural River Russia and Kazakhstan
88%
Etna Italy
81%
Arsenal (football) London
81%
Kilimanjaro Tanzania
78%
Montevideo Uruguay
78%
Palace of Versailles Versailles
78%
the Blue Mosque Istanbul
75%
Kinkaku-ji Kyoto
75%
the Bund Shanghai
75%
Lincoln Memorial Washington D.C.
75%
the Temple Bar Dublin
69%
Willis Tower (formerly Sears Tower) Chicago
63%
UCLA Los Angeles
63%
femur leg
59%
Kim dynasty North Korea
59%
Cuzco Peru
59%
Jeju South Korea
41%
MIT Cambridge
38%
Ushuaia Argentina
16%
Salar de Uyuni Bolivia
16%
No matching quizzes found
Score Distribution
Percent of People with Each Score
Percentile by Number Answered
Your Score History
You have not taken this quiz